00573 2200193 4500001002100000005001500021035002000036007000300056008003900059082001000098084001600108100001400124245010900138260005300247300004100300650001100341650001400352022001300366INLIS00000000000099320240919104401 a0010-0924000071ta240919 | | |  a633.1 a633.1 ZAH d0 aZahara, S1 aDevelopment of the vegetative period under salinity stress in several upland rice varieties /cZahara, S aUnited Kingdom, Bristol :bIOP Publishing,c2024 a1-7 hlm, :bilus, ;c21 cm X 29,5 cm 4aJurnal 4aPadi Gogo a17551315